[Event "LSS No Engine Cup 191 Final"]
[Site "LSS email"]
[Date "2020.03.27"]
[Round "?"]
[White "Sofia, Gerardo"]
[Black "Kudryavtsev, Yaroslav"]
[Result "1-0"]
[WhiteElo "1941"]
[BlackElo "2013"]
[PlyCount "141"]
[EventDate "2020.03.27"]
[EventType "tourn (corr)"]
[EventRounds "6"]
[EventCountry "GER"]
[SourceTitle "Corr 2022"]
[Source "ChessBase"]
[SourceDate "2021.10.24"]
[SourceVersion "1"]
[SourceVersionDate "2021.10.24"]
[SourceQuality "1"]

1. e4 e5 2. Nf3 Nc6 3. Bc4 Nf6 4. d3 Be7 5. 0-0 0-0 6. h3 d6 7. a4 Be6 8. Bxe6 fxe6 9. Re1 a6 10. c3 Nh5 11. b4 Qe8 12. Be3 Qg6 13. Nbd2 Nf4 14. Bxf4 Rxf4 15. b5 Nd8 16. Qb3 Bg5 17. Qc4 Rf7 18. d4 exd4 19. cxd4 Bf4 20. Nb3 Bh6 21. Nbd2 Bf4 22. Qc3 Qh5 23. e5 axb5 24. axb5 Rxa1 25. Rxa1 dxe5 26. dxe5 Rd7 27. Nc4 Qf5 28. b6 cxb6 29. Nxb6 Rd3 30. Qc7 h5 31. Nc8 Kh7 32. Qc2 Rd7 33. Qxf5+ exf5 34. g3 Bh6 35. Re1 Rc7 36. Nd6 g6 37. Kg2 Bf8 38. Ng5+ Kh6 39. h4 Be7 40. Ne8 Rc2 41. Rd1 Nc6 42. Nf6 Re2 43. Rd7 Kg7 44. Nd5 Rxe5 45. f4 Re2+ 46. Kf1 Rd2 47. Nf3 Rxd5 48. Rxd5 Kf6 49. Rb5 Ke6 50. Rxb7 Bf6 51. Ng5+ Kd6 52. Rb1 Kd7 53. Rd1+ Ke7 54. Nh7 Bg7 55. Rb1 Nd8 56. Rb6 Ne6 57. Ng5 Nxg5 58. hxg5 Kf7 59. Rb7+ Kg8 60. Ke2 Bd4 61. Rb3 Kf7 62. Kd3 Ba1 63. Kc4 Ke6 64. Rb6+ Kf7 65. Kd5 Bc3 66. Rb7+ Kf8 67. Ke6 Ba1 68. Rb8+ Kg7 69. Kd5 Kf7 70. Rb7+ Kg8 71. Kc4 1-0